LEADER 01404nam a2200313 u 4500 001 000000011843 003 CaOOAMICUS 005 20070226105453.0 008 940516s1974 fr u000 u fre u 035 $a10290800 040 $aBAV$bita$dBAV$dPUL(R) 100 1 $aMolin, Jean-Baptiste.$0(OLS)http://pul/name/11346 245 13$aLe rituel du mariage en France du XIIe au XVIe siècle /$cpar Jean-Baptiste Molin et Protais Mutembe ; préface par Pierre-Marie Gy. 260 $aParis :$bBeauchesne,$c1974. 300 $a348 p. ;$c22 cm 490 1 $aThéologie historique ;$v26 500 $aComprende indici. 504 $a"Bibliographie": p. [11]-23. 650 4$aMatrimonio$xUsanze e riti.$0(OLS)http://pul/subject/8943 650 4$aMatrimonio$zFrancia$yEvo medio.$0(OLS)http://pul/subject/8944 700 1 $aGy, Pierre-Marie,$cO.P.$0(OLS)http://pul/name/11348 700 1 $aMutembe, Protais.$0(OLS)http://pul/name/11347 830 0$aThéologie historique ;$v26.$0(OLS)http://pul/title/4061 850 $aPUL 852 $aPUL$W1$xSL Religione 2$y84$mTheol A9 26$j16730$nBK-PRI$b $qStampati altre collocazioni$B16730$CPULBib$Z2$F16730 $H $81 941 1 $a10 961 $aINV: 39741 996 $6245$aLe rituel du mariage en France du XIIe au XVIe siècle$9(OLS)http://pul/title/17161 996 $6260$aParis :$bBeauchesne$9(OLS)http://pul/publisher/48115 LEADER 01648nam a2200337 u 4500 001 000000092325 003 CaOOAMICUS 005 20070226124927.0 008 060606m2005 it d u000 u ita u 020 $a88-8272-234-1 035 $a11091521 040 $aPUL$bita 041 0 $aeng$afre$aita$apor 245 00$aPer un nuovo umanesimo in Europa:$batti del simposio europeo "Università e Chiesa" /$ca cura di Lorenzo Leuzzi e Gian Piero Milano. 260 $aRoma :$bCantagalli,$cc2005. 300 $a574 p. :$bdiagr. ;$c24 cm 490 1 $aCollana di Pastorale Universitaria ;$v1 504 $aInclude indice e riferimenti bibliografici. 650 4$aTeologia pastorale$xAspetti sociali.$0(OLS)http://pul/subject/9796 650 4$aTeologia pastorale e comunicazione.$0(OLS)http://pul/subject/29817 650 4$aTeologia e cultura.$0(OLS)http://pul/subject/22931 700 1 $aLeuzzi, Lorenzo.$0(OLS)http://pul/name/34053 700 1 $aMilano, Gian Piero.$0(OLS)http://pul/name/27333 710 2 $aVicariato di Roma - Ufficio Pastorale Universitaria.$0(OLS)http://pul/name/59561 830 0$aCollana di Pastorale Universitaria ;$v1.$0(OLS)http://pul/title/119164 850 $aPUL 852 $aPUL$W1$xSL Diritto e Scienze Sociali 3$y79$m377 COLL 1.1$j116130$nBK-PRI$b $qDDC 21$B116130$CPULBib$Z2$F116130 $HPUL100949 $81 941 1 $a9 996 $6020$a88-8272-234-1$9(OLS)http://pul/number/121288 996 $6245$aPer un nuovo umanesimo in Europa: :$batti del simposio europeo "Università e Chiesa"$9(OLS)http://pul/title/119163 996 $6260$aRoma :$bCantagalli$9(OLS)http://pul/publisher/79089